| 000 | 00335 a2200145 4500 | ||
|---|---|---|---|
| 001 | 60230 | ||
| 020 | _aBD-0017-1 | ||
| 082 | _a297.2113 TAH | ||
| 090 |
_c36970 _d36970 |
||
| 100 | _aTahirul Qadri | ||
| 245 |
_aKitab ul Tauheed Vol One _hUrdu |
||
| 260 |
_aLahore _bMinhaj ul Quran _c2008 |
||
| 300 | _a874 | ||
| 518 | _a4/5/2010 | ||
| 942 |
_aCAE NUST _k297.2113 TAH |
||
| 999 |
_c295303 _d295303 |
||